| 000 | 01395nam a22003857a 4500 | ||
|---|---|---|---|
| 003 | OSt | ||
| 005 | 20230623033816.0 | ||
| 008 | 230622b |||||||| |||| 00| 0 eng d | ||
| 020 | _a9789966723048 | ||
| 040 |
_aMMU _beng _cMMU _dMMU _dMMU |
||
| 042 | _alccopycat | ||
| 050 | 0 | 0 | _a BV 4527 .O43 11 1997 |
| 100 | 1 | _aOmartian, Stormie | |
| 245 | 1 | 4 |
_aThe power of a praying wife / _cStormie Omartian. |
| 246 | 3 | 0 | _aPraying wife |
| 250 | _aUnabridged. | ||
| 264 | 4 | _c1997 | |
| 300 | _a203p, ; | ||
| 347 |
_aaudio file _2rdaft |
||
| 347 |
_bCD audio _bMP3 |
||
| 500 | _aIcludes bibliographic details | ||
| 511 | 0 | _aRead by the author. | |
| 520 | _areaders learn how to better their marriage through God with this guide that includes Bible verses and sample prayers they can use to pray for concerning areas in their husband's life. | ||
| 650 | 0 |
_aWives _xReligious life. |
|
| 650 | 0 |
_aChristian women _xReligious life. |
|
| 650 | 0 | _aIntercessory prayer. | |
| 650 | 0 | _aChristian life. | |
| 650 | 7 |
_aChristian life. _2fast _0(OCoLC)fst00859185 |
|
| 650 | 7 |
_aChristian women _xReligious life. _2fast _0(OCoLC)fst00859575 |
|
| 650 | 7 |
_aIntercessory prayer. _2fast _0(OCoLC)fst00976026 |
|
| 650 | 7 |
_aWives _xReligious life. _2fast _0(OCoLC)fst01176435 |
|
| 655 | 7 |
_aAudiobooks. _2fast _0(OCoLC)fst01726208 |
|
| 942 |
_2lcc _cLOAN LOAN |
||
| 999 |
_c32549 _d32546 |
||